000 00649nam a2200229Ia 4500
003 OSt
005 20230330154306.0
008 210423s2008 xx 000 0 und d
020 _a9780195691658
040 _cAL
041 _aeng
082 _a658.11 CRAA
100 _aCRANE (Andrew Crane);MATTEN (Dirk).
_980396
245 _aBusiness ethics.
250 _a2
260 _aOxford
_bOxford University Press
_c2008
300 _axxiii,566
_bPB
365 _b350
_cINR
650 _aManagement
_980397
906 _aage ; Business ; citizenship ; corporate ; ethics ; ethics. ; globalization ; managing ; sustainability
942 _2ddc
_cBK
999 _c157619
_d157619